000 00534nam a2200229Ia 4500
005 20251020182514.0
008 200515s9999 xx 000 0 und d
082 _a658.112/S21
100 _aSánchez Yabar, Guido
245 0 _aCómo iniciar una empresa de éxito
250 _a5a ed.
260 _aLima
260 _bSYSA
260 _c1998
300 _a170 p.
490 _aColección PYME, 1
500 _a1 ejemplar
650 _aEMPRESAS
650 _aPEQUEÑA Y MEDIANA EMPRESA
942 _cLIB
999 _c1515
_d1515